| 000 | 00478nam a2200193Ia 4500 | ||
|---|---|---|---|
| 003 | OSt | ||
| 005 | 20250828121032.0 | ||
| 008 | 250729s2005 xx 000 0 und d | ||
| 020 | _a978-8171082278 | ||
| 040 | _cAL | ||
| 041 | _aeng | ||
| 082 | _a000 KAIY | ||
| 100 |
_aKaitholil George _9222281 |
||
| 245 | _aYou can be an effective speaker | ||
| 260 |
_aMumbai _bBetter Yourself Publication _c2005 |
||
| 300 | _a123p | ||
| 650 |
_aGeneraliya _9222282 |
||
| 942 |
_2ddc _cBED |
||
| 999 |
_c235388 _d235388 |
||